000 00932nam a2200253Ia 4500
003 OSt
005 20220923211205.0
006 a|||||r|||| 00| 0
007 ta
008 220922b |||||||| |||| 00| 0 hin d
020 _a8190429795 (hbk)
_c300
024 _a238,909
037 _b409, 23/03/2009, Swaraj Prakashan
_cTextual
040 _aARTS
_cARTS
_bhin
041 _2hin
_ahin
082 _aV2,30a4, 152P8
100 _aउपाध्याय, देवेन्द्र
_9156299
245 0 _aभारतीय संसद और मीडिया
246 _aBhāratīya sansad aur mīḍiyā
260 _aनई दिल्ली
_b भारतीय पुस्तक परिषद्
_c2008
300 _a223पृ.
_ccm.
942 _hV2,30a4, 152P8
_cTEXL
_2CC
999 _c296576
_d296576